000 00565nam a2200241Ia 4500
003 OSt
005 20220912152049.0
006 a|||||r|||| 00| 0
007 ta
008 220909b |||||||| |||| 00| 0 eng d
024 _a59956
037 _cTextual
040 _aCSL
_beng
_cCSL
041 _aeng
082 _aAb4:5:N5, H9
100 _aCrowther J G
245 0 _aScience in liberated europe
260 _c1949
300 _ap.
_ccm.
650 _aScience
942 _hAb4:5:N5, H9
_cTEXL
_2CC
999 _c80484
_d80484